[Event "AUTO-ADV-1305"]
[Site "http://www.queenalice.com/game.php?id=577859"]
[Date "2009.4.26"]
[Round "1"]
[White "fherbertoseabra"]
[Black "Alaune"]
[Result "0-1"]
[WhiteElo "1928"]
[BlackElo "1839"]

1. e4 e5 2. Nf3 Nc6 3. Bb5 a6 4. Ba4 d6 5. Nc3 Nf6 6. O-O h6 7. Bxc6+ bxc6 8. d4
exd4 9. Nxd4 Bb7 10. a4 c5 11. Nf5 Qd7 0-1

[Event "AUTO-ADV-1305"]
[Site "http://www.queenalice.com/game.php?id=577860"]
[Date "2009.4.26"]
[Round "1"]
[White "Alaune"]
[Black "fherbertoseabra"]
[Result "1-0"]
[WhiteElo "1857"]
[BlackElo "1833"]

1. e4 e5 2. Nf3 Nc6 3. Bb5 a6 4. Bxc6 dxc6 5. O-O Bd6 6. d3 Bg4 7. h3 Bh5 8.
Nbd2 Ne7 9. b3 O-O 10. Bb2 Ng6 11. g4 Bxg4 12. hxg4 Nf4 13. Kh2 1-0

[Event "AUTO-ADV-1305"]
[Site "http://www.queenalice.com/game.php?id=577873"]
[Date "2009.4.26"]
[Round "1"]
[White "Bernobr"]
[Black "Alaune"]
[Result "1-0"]
[WhiteElo "1877"]
[BlackElo "1854"]

1. e4 e5 2. Nc3 Nf6 3. g3 Bc5 4. Bg2 d6 5. Na4 Bb6 6. Nxb6 axb6 7. d3 h6 8. Ne2
O-O 9. f4 exf4 10. Bxf4 Nc6 11. O-O Ng4 12. Qd2 Nce5 13. h3 Nf6 14. b3 Be6 15.
Nd4 Bd7 16. Nf5 Bxf5 17. exf5 Rb8 18. g4 Qe7 19. Rae1 Rfe8 20. d4 1-0

[Event "AUTO-ADV-1305"]
[Site "http://www.queenalice.com/game.php?id=577874"]
[Date "2009.4.26"]
[Round "1"]
[White "Alaune"]
[Black "Bernobr"]
[Result "1-0"]
[WhiteElo "1836"]
[BlackElo "1895"]

1. e4 c5 2. Nf3 Nc6 3. Bb5 a6 4. Bxc6 bxc6 5. Nc3 e6 6. O-O d5 7. d3 g6 8. Bg5
Qb6 9. Rb1 Bg7 10. Bd2 Ne7 11. Bg5 h6 12. Bh4 Ra7 13. Qd2 O-O 14. Bxe7 Rxe7 15.
b3 Qb4 16. Ne2 Qa3 17. c3 Rd8 18. e5 f6 19. d4 cxd4 20. cxd4 c5 21. Rfc1 cxd4
22. Nexd4 Bb7 23. exf6 Bxf6 24. Qxh6 Rg7 25. Nxe6 1-0

[Event "AUTO-ADV-1305"]
[Site "http://www.queenalice.com/game.php?id=577883"]
[Date "2009.4.26"]
[Round "1"]
[White "Alaune"]
[Black "carlos31"]
[Result "0-1"]
[WhiteElo "1911"]
[BlackElo "1875"]

1. e4 c5 2. Nf3 Nc6 3. Bb5 d6 4. Bxc6+ bxc6 5. h3 g6 6. d3 Bh6 7. Bg5 Bxg5 8.
Nxg5 e5 9. Nf3 Nf6 10. Nc3 d5 11. Nxe5 dxe4 12. Nxe4 Nxe4 13. dxe4 Bb7 14. O-O
O-O 15. Qf3 Qd4 16. Qc3 Qxc3 17. bxc3 Rfe8 18. Nd7 c4 19. Nf6+ Kg7 20. Nxe8+
Rxe8 21. Rfe1 Kf6 22. Re2 c5 23. Rae1 h5 24. e5+ Kf5 25. g3 g5 26. Re3 g4 27. h4
Re6 28. Rb1 Rb6 29. Ree1 Be4 30. Rxb6 axb6 31. Rb1 Kxe5 32. Rxb6 Bxc2 33. Ra6
Ke4 34. a4 Kd3 35. a5 Kxc3 36. Rc6 Kb4 37. a6 Be4 38. Rc8 c3 0-1

[Event "AUTO-ADV-1305"]
[Site "http://www.queenalice.com/game.php?id=577884"]
[Date "2009.4.26"]
[Round "1"]
[White "carlos31"]
[Black "Alaune"]
[Result "1-0"]
[WhiteElo "1983"]
[BlackElo "1872"]

1. d4 d5 2. c4 Nf6 3. Nc3 e6 4. Bg5 h6 5. Bh4 Be7 6. Nf3 Nbd7 7. e3 b6 8. Bxf6
Nxf6 9. Ne5 Bb7 10. cxd5 Nxd5 11. Bc4 O-O 12. Nxd5 exd5 13. Qf3 Bb4+ 14. Ke2 f6
15. Ng6 Re8 16. Bd3 c6 17. a3 Bd6 18. g3 Kf7 19. Qh5 Kg8 20. Nf4 Bxf4 21. gxf4
c5 22. Rhg1 Rf8 23. Qxh6 1-0

[Event "Despertai!"]
[Site "http://www.queenalice.com/game.php?id=585317"]
[Date "2009.5.8"]
[Round "3"]
[White "Alaune"]
[Black "Rosberg"]
[Result "0-1"]
[WhiteElo "1859"]
[BlackElo "2299"]

1. e4 c5 2. Nf3 d6 3. Nc3 Nf6 4. Bc4 e6 5. d3 Be7 6. O-O O-O 7. h3 Nc6 8. Be3 d5
9. exd5 exd5 10. Bb3 d4 0-1

[Event "Challenge"]
[Site "http://www.queenalice.com/game.php?id=586273"]
[Date "2009.5.10"]
[Round "-"]
[White "nekaun"]
[Black "Alaune"]
[Result "0-1"]
[WhiteElo "1368"]
[BlackElo "1909"]

1. f3 e5 2. e4 Nc6 3. Ne2 Nf6 4. c3 Bc5 5. b4 Bb6 6. Ng3 O-O 7. d4 exd4 8. b5
Ne7 9. cxd4 d6 10. Bg5 Ba5+ 11. Bd2 Bb6 12. Na3 Bxd4 13. Rb1 h6 14. Rb4 Bc5 15.
Ra4 Be6 16. Bc4 d5 17. exd5 Nexd5 18. Bb4 Nxb4 19. Ne4 Qxd1+ 20. Kxd1 Rfd8+ 21.
Kc1 Be3+ 22. Kb1 Bc5 0-1

[Event "AUTO-ADV-1330"]
[Site "http://www.queenalice.com/game.php?id=588907"]
[Date "2009.5.15"]
[Round "1"]
[White "Matuto_do_Vale"]
[Black "Alaune"]
[Result "0-1"]
[WhiteElo "1826"]
[BlackElo "1888"]

1. b3 e5 2. Bb2 Nc6 3. e3 Bc5 4. Nf3 Nf6 5. Nxe5 Nxe5 6. Bxe5 d6 7. Bb2 Qe7 8.
Be2 O-O 9. d4 Bb6 10. c4 c5 11. d5 a6 12. h3 Bf5 13. a4 Bxb1 14. Rxb1 Ba5+ 15.
Kf1 Rae8 16. Bd3 Nd7 17. Qc2 h6 18. Bc3 Bd8 19. h4 Nf6 20. Rh3 Ng4 21. Re1 Ne5
22. Bh7+ Kh8 23. f4 Ng6 24. Bxg6 fxg6 25. Qxg6 Qf7 26. Qxf7 Rxf7 27. g4 Kh7 28.
g5 h5 29. Rg3 g6 30. e4 Rxf4+ 31. Kg2 Rxh4 32. Ree3 Rexe4 33. Rxe4 Rxe4 34. Bf6
h4 35. Rh3 Bxf6 36. gxf6 Rf4 37. f7 Kg7 38. Rf3 Rxf3 39. Kxf3 Kxf7 40. Kg4 Kf6
41. Kxh4 g5+ 42. Kg4 Kg6 43. a5 Kf6 44. Kf3 Kf5 45. Kg3 g4 46. Kf2 Kf4 47. Kg2
g3 48. Kf1 Kf3 49. Kg1 g2 0-1

[Event "AUTO-ADV-1330"]
[Site "http://www.queenalice.com/game.php?id=588908"]
[Date "2009.5.15"]
[Round "1"]
[White "Alaune"]
[Black "Matuto_do_Vale"]
[Result "1-0"]
[WhiteElo "1860"]
[BlackElo "1751"]

1. e4 c5 2. Nc3 g6 3. d3 Bg7 4. Bd2 a6 5. Nf3 Nc6 6. a3 b5 7. Be2 Nd4 8. Nxd4
cxd4 9. Nb1 Bb7 10. c3 d5 11. O-O dxe4 12. dxe4 Bxe4 13. cxd4 Bxd4 14. Nc3 Nf6
15. h3 O-O 16. Nxe4 Nxe4 17. Bf3 f5 18. Bxe4 fxe4 19. Re1 Bxf2+ 20. Kh1 Bxe1 21.
Qxe1 Qd4 22. Bc3 Qd3 23. Qh4 Qd6 24. Qh6 e5 25. Bb4 Qf6 26. Bxf8 Qxf8 27. Qd2
Qf4 28. Qd5+ 1-0

[Event "AUTO-ADV-1330"]
[Site "http://www.queenalice.com/game.php?id=588921"]
[Date "2009.5.15"]
[Round "1"]
[White "Henri_AnArquiA_"]
[Black "Alaune"]
[Result "0-1"]
[WhiteElo "1668"]
[BlackElo "1880"]

1. e4 e5 2. Nf3 Nc6 3. d3 Nf6 4. Bg5 h6 5. Bh4 Be7 6. Be2 d6 7. O-O Be6 8. c3
Qd7 9. Bxf6 Bxf6 10. b4 d5 11. Na3 a6 12. Nc2 d4 13. c4 b6 14. a4 O-O 15. b5
axb5 16. axb5 Rxa1 17. Qxa1 Ne7 18. Qa6 Ng6 0-1

[Event "AUTO-ADV-1330"]
[Site "http://www.queenalice.com/game.php?id=588922"]
[Date "2009.5.15"]
[Round "1"]
[White "Alaune"]
[Black "Henri_AnArquiA_"]
[Result "1-0"]
[WhiteElo "1872"]
[BlackElo "1676"]

1. d4 d5 2. Nc3 c6 3. Nf3 Bg4 4. e3 Nf6 5. Be2 Bxf3 6. Bxf3 e6 7. O-O Bb4 8. Bd2
O-O 9. a3 Ba5 10. h3 Nbd7 11. Ne2 Bc7 12. Bb4 Re8 13. Qd3 Nb6 14. b3 Bd6 15. Bc3
Nbd7 16. a4 1-0

[Event "AUTO-ADV-1330"]
[Site "http://www.queenalice.com/game.php?id=588931"]
[Date "2009.5.15"]
[Round "1"]
[White "Alaune"]
[Black "josekasparov"]
[Result "0-1"]
[WhiteElo "1860"]
[BlackElo "2001"]

1. e4 e5 2. Nf3 Nc6 3. Bb5 a6 4. Bxc6 dxc6 5. Nc3 Bg4 6. h3 Bh5 7. d3 Bc5 8. Qe2
f6 9. a3 Qd7 10. Be3 Bxe3 11. Qxe3 Ne7 12. Nd2 b6 13. f3 c5 14. Ne2 Nc6 15. Nc3
Nd4 16. O-O-O b5 17. Nd5 Bf7 18. Nc3 b4 19. axb4 cxb4 20. Nd5 Bxd5 21. exd5 Qxd5
22. Rhe1 O-O 23. Nc4 b3 24. c3 Nc2 25. Qe4 Qb5 26. Rf1 f5 27. Qe2 a5 28. Kd2
Rfe8 29. g4 e4 30. fxe4 fxe4 31. Rf5 Qd7 32. Ne5 e3+ 33. Kc1 Qa4 0-1

[Event "AUTO-ADV-1330"]
[Site "http://www.queenalice.com/game.php?id=588932"]
[Date "2009.5.15"]
[Round "1"]
[White "josekasparov"]
[Black "Alaune"]
[Result "1-0"]
[WhiteElo "1966"]
[BlackElo "1872"]

1. d4 d5 2. c4 Nf6 3. cxd5 Qxd5 4. Nc3 Qd8 5. e4 e6 6. Nf3 h6 7. Bd3 Nc6 8. Bf4
a6 9. O-O Be7 10. Rc1 O-O 11. Bb1 Qd7 12. e5 Nd5 13. Qd3 f5 14. exf6 Nxf6 15.
Ne4 Nxe4 16. Qxe4 Rf5 17. g4 Rf6 18. Rxc6 Qxc6 19. Qh7+ Kf7 20. Ne5+ 1-0

[Event "Challenge"]
[Site "http://www.queenalice.com/game.php?id=603397"]
[Date "2009.6.15"]
[Round "-"]
[White "knight401"]
[Black "Alaune"]
[Result "0-1"]
[WhiteElo "1670"]
[BlackElo "1902"]

1. e4 e5 2. Nf3 Nc6 3. d3 h6 4. Be2 Nf6 5. Nbd2 Bb4 6. c3 Bc5 7. h3 d6 8. O-O a6
9. Qc2 Be6 10. Re1 b5 11. Nf1 Qd7 12. Bd1 g5 13. g4 h5 14. Nxg5 hxg4 15. Nxe6
Qxe6 16. hxg4 Nxg4 17. Bxg4 Qxg4+ 18. Ng3 O-O-O 19. Kg2 Rdf8 20. Be3 f5 21. Kf1
fxe4 0-1

[Event "Despertai!"]
[Site "http://www.queenalice.com/game.php?id=609762"]
[Date "2009.6.27"]
[Round "4"]
[White "amaralch7"]
[Black "Alaune"]
[Result "1-0"]
[WhiteElo "1852"]
[BlackElo "1899"]

1. e4 e5 2. Nf3 Nc6 3. Bb5 a6 4. Bxc6 bxc6 5. Nxe5 Qg5 6. Ng4 d6 7. Ne3 Nf6 8.
d3 Be7 9. O-O Qe5 10. f3 d5 11. exd5 cxd5 12. d4 Qd6 13. b3 O-O 14. Nc3 c6 15.
a4 Bf5 16. Nxf5 Qe6 17. Nxe7+ Qxe7 18. Re1 Qb4 19. Ne2 Rae8 20. Bd2 Qd6 21. Ng3
Rc8 22. c3 h6 23. Nf5 1-0

[Event "Challenge"]
[Site "http://www.queenalice.com/game.php?id=613398"]
[Date "2009.7.4"]
[Round "-"]
[White "wellcome"]
[Black "Alaune"]
[Result "0-1"]
[WhiteElo "1625"]
[BlackElo "1894"]

1. d4 Nf6 2. f3 e6 3. Bg5 Be7 4. Bxf6 Bxf6 5. c3 O-O 6. Nd2 h6 7. e3 Bh4+ 8. g3
Be7 9. Bh3 b6 10. Qc2 d6 11. O-O-O d5 12. Ne2 Ba6 13. Ng1 c5 14. b3 cxd4 15.
exd4 Nc6 16. f4 Rc8 17. b4 Nxb4 18. Qa4 Rxc3+ 19. Kb2 Rc2+ 20. Kb1 Rxa2 21. Qb3
Bd3+ 22. Kc1 Qc8+ 23. Nc4 Bxc4 0-1

[Event "AUTO-ADV-1416"]
[Site "http://www.queenalice.com/game.php?id=625939"]
[Date "2009.7.28"]
[Round "1"]
[White "Alaune"]
[Black "CCapivara"]
[Result "0-1"]
[WhiteElo "1843"]
[BlackElo "2057"]

1. e4 c6 2. Nc3 d6 3. Nf3 Nf6 4. h3 e5 5. d3 Be7 6. Be2 O-O 7. O-O Nbd7 8. Be3
Qc7 9. a3 Rd8 10. Qd2 d5 11. exd5 cxd5 12. Bg5 Nf8 13. Rfe1 e4 14. Bf4 Qb6 15.
Na4 Qc6 16. Nc3 exf3 17. Bxf3 Ne6 18. Bg3 a6 19. Rad1 b5 20. Ne2 Bb7 21. d4 Rac8
22. c3 Ne4 23. Qd3 N6g5 24. Bg4 Nxg3 25. Nxg3 Rc7 26. Nf5 Bf6 27. Re2 g6 28. Ng3
Ne4 29. Rde1 Re7 30. Qe3 Rde8 31. Qd3 h5 32. Bf3 h4 33. Nf1 Bc8 34. Re3 Bf5 35.
Qd1 g5 0-1

[Event "AUTO-ADV-1416"]
[Site "http://www.queenalice.com/game.php?id=625940"]
[Date "2009.7.28"]
[Round "1"]
[White "CCapivara"]
[Black "Alaune"]
[Result "1-0"]
[WhiteElo "2104"]
[BlackElo "1836"]

1. e4 e5 2. Nf3 Nc6 3. Bb5 d6 4. O-O Nf6 5. d4 Bd7 6. Bxc6 bxc6 7. dxe5 Nxe4 8.
Re1 d5 9. Nbd2 Nc5 10. b3 Be6 11. Bb2 Be7 12. Nd4 Bd7 13. Ba3 Ne6 14. Bxe7 Qxe7
15. Qg4 Ng5 16. Qg3 O-O 17. h4 Ne6 18. Nf5 Qd8 19. Nf3 Kh8 20. N3d4 g6 21. Nxe6
Bxe6 22. Nd4 Bd7 23. e6 fxe6 24. Nxe6 Bxe6 25. Rxe6 Qd7 26. Qe5+ Qg7 27. Qxg7+
Kxg7 28. Rxc6 Rf7 29. Rd1 Rd7 30. Rd4 Rad8 31. c4 a5 32. cxd5 Rxd5 33. Rxc7+ Kg8
34. Rxd5 Rxd5 35. a4 Rd3 36. Rc5 Rxb3 37. Rxa5 Rb4 38. g3 Rg4 39. Ra7 1-0

[Event "AUTO-ADV-1416"]
[Site "http://www.queenalice.com/game.php?id=625941"]
[Date "2009.7.28"]
[Round "1"]
[White "Alaune"]
[Black "jalvez"]
[Result "0-1"]
[WhiteElo "1881"]
[BlackElo "2053"]

1. e4 c5 2. Nc3 e5 3. Nf3 Nc6 4. d3 Nf6 5. h3 d6 6. Be2 Be7 7. O-O O-O 8. a3 Bd7
9. Bd2 Nd4 10. Nxd4 cxd4 11. Nd5 Nxd5 12. exd5 f5 13. c4 e4 14. dxe4 fxe4 15.
Bg4 Qc8 16. Bxd7 Qxd7 17. Bb4 a5 18. Bd2 Rf7 19. Qe2 Qf5 20. Rae1 Bh4 21. Rd1
Qg6 22. Be1 d3 23. Qe3 Rf3 0-1

[Event "AUTO-ADV-1416"]
[Site "http://www.queenalice.com/game.php?id=625942"]
[Date "2009.7.28"]
[Round "1"]
[White "jalvez"]
[Black "Alaune"]
[Result "1-0"]
[WhiteElo "2066"]
[BlackElo "1872"]

1. d4 d5 2. c4 Nf6 3. Nc3 e6 4. Bg5 Be7 5. e3 h6 6. Bh4 Nc6 7. Nf3 O-O 8. Bd3
Nb4 9. Be2 Ne4 10. Bxe7 Qxe7 11. Nxe4 dxe4 12. Nd2 c5 13. Nxe4 b6 14. a3 Nc6 15.
dxc5 bxc5 16. O-O Rb8 17. Qc2 Ne5 18. b3 Bb7 19. Rab1 Rbc8 20. Rfd1 Rfd8 21.
Rxd8+ Rxd8 22. Ng3 Qh4 23. Rd1 Rc8 24. Qc3 Ng4 25. Bxg4 Qxg4 26. Qd3 e5 27. e4
a6 28. f3 Qe6 29. Qd7 Qb6 30. Rd3 a5 31. Nf5 1-0

[Event "AUTO-ADV-1416"]
[Site "http://www.queenalice.com/game.php?id=625943"]
[Date "2009.7.28"]
[Round "1"]
[White "Alaune"]
[Black "r_maltz"]
[Result "0-1"]
[WhiteElo "1864"]
[BlackElo "1964"]

1. e4 Nf6 2. Nc3 d6 3. Nf3 e5 4. h3 Nc6 5. a3 d5 6. exd5 Nxd5 7. Nxd5 Qxd5 8. d3
g6 9. Bd2 Bg7 10. Be2 O-O 11. O-O b5 12. Ng5 Bb7 13. Bf3 Qd7 14. Ne4 Nd4 15. Bg4
f5 16. Nc5 Qd5 17. Bf3 e4 18. Bxe4 fxe4 19. Nxe4 Nf5 20. Rb1 Rae8 21. Re1 Bd4
22. Re2 Ng3 23. Re1 Bxf2+ 0-1

[Event "AUTO-ADV-1416"]
[Site "http://www.queenalice.com/game.php?id=625944"]
[Date "2009.7.28"]
[Round "1"]
[White "r_maltz"]
[Black "Alaune"]
[Result "1-0"]
[WhiteElo "2027"]
[BlackElo "1852"]

1. d4 d5 2. c4 Nf6 3. Nf3 Nc6 4. e3 e6 5. Nc3 a6 6. Bd3 Nb4 7. O-O Nxd3 8. Qxd3
c6 9. b3 Bd6 10. e4 dxe4 11. Nxe4 Nxe4 12. Qxe4 h6 13. Qg4 Qf6 14. Re1 O-O 15.
Bb2 Bd7 16. Rab1 Qe7 17. d5 e5 18. Qg3 f6 19. Nh4 Rfe8 20. Ng6 Qf7 21. Rbd1 Bf5
22. Nh4 Bc2 23. Rd2 Bb4 24. Rxc2 Bxe1 25. Nf5 Bb4 26. Nxh6+ 1-0

[Event "Despertai!"]
[Site "http://www.queenalice.com/game.php?id=638607"]
[Date "2009.8.18"]
[Round "5"]
[White "Alaune"]
[Black "Rutty"]
[Result "0-1"]
[WhiteElo "1831"]
[BlackElo "2026"]

1. e4 c5 2. Nf3 Nc6 3. Nc3 g6 4. Bc4 Bg7 5. a3 d6 6. O-O Nf6 7. d3 O-O 8. h3 e6
9. Bg5 a6 10. Qe2 b5 11. Ba2 Bb7 12. Rae1 h6 13. Be3 Kh7 14. Kh2 Qc7 15. Kg1
Rad8 16. Qd2 Nd7 17. Re2 Nde5 18. Ne1 f5 19. Qc1 c4 0-1